Proof techniques in graph theory : proceedings /

Guardado en:
Autor Corporativo: Ann Arbor Graph Theory Conference
Otros Autores: Harary, Frank, (Editor , ed.)
Formato: Libro
Idioma:English
Publicado: New York : Academic Press, 1969.
Materias:
Etiquetas: Agregar Etiqueta
Sin Etiquetas, Sea el primero en etiquetar este registro!
LEADER 00978nam a22002415a 4500
001 EIQ.libpla003013
008 691103s1969####nyua#####b####100#0#eng#d
005 20071003154138.0
245 1 0 |a Proof techniques in graph theory :  |b proceedings /  |c edited by Frank Harary ; Contributors: Lowell W. Beineke ... [et al.]. 
260 |a New York :  |b Academic Press,  |c 1969. 
300 |a xv, 330 p. :  |b il. ;  |c 25 cm. 
504 |a "Key-word indexed bibliography of graph theory [by] James Turner": p. 189-330. 
504 |a Incluye referencias bibliográficas. 
111 2 |a Ann Arbor Graph Theory Conference  |n (2nd. :  |d 1968) 
700 1 |a Harary, Frank,  |e ed.  |4 edt 
082 0 0 |a 512/.5 
650 4 |a Teoría de grafos  |x Ensayos, lecturas. 
650 4 |a Teoría de grafos  |x Bibliografía. 
650 0 |a Graph theory  |x Addresses, essays, lectures. 
650 0 |a Graph theory  |x Bibliography. 
010 |a  69018333  
040 |a DLC  |c DLC  |d AR-BbSID 
859 |a AR-BbSID  |b BIB. PLAPIQUI  |h 511.5  |i An 71  |p 493